000 00303nam a22001217a 4500
082 _a540
_bARI/C
100 _aARIHANT PUBLICATIONS
245 _aCHEMISTRY-XI- ALL IN ONE
246 _aCHEMISTRY-XI- ALL IN ONE
_bCHEMISTRY-XI- ALL IN ONE
260 _aMEERUT,INDIA
_bARIHANT
300 _a698
942 _cBK
999 _c8544
_d8544